Effektivnosť obrazovanija policejskich v Ministerstve vnurennich del Sklovackoj Respubliki

Verejná mienka a polícia Slovenskej republiky. Systém prípravy policajtov na vykonávanie profesie. Vzdelávanie na odborných stredných školách. Policajná akadémia v Bratislave - vysokoškolské vzdelávanie budúcich policajtov. Výsledky dotazníkového prieskumu, ktorého cieľom bolo zistiť efektívnosť súč...

Ausführliche Beschreibung

Gespeichert in:
Bibliographische Detailangaben
1. Verfasser: Králiková, Kristína
Weitere Verfasser: Surma, Liudmila
Format: Buchkapitel
Sprache:Russisch
Schlagworte:
Tags: Tag hinzufügen
Keine Tags, Fügen Sie das erste Tag hinzu!

MARC

LEADER 00000naa$a2200000$$$4500
001 0261658
005 20240502083752.0
041 0 |a rus 
044 |a UA 
245 1 0 |a Effektivnosť obrazovanija policejskich v Ministerstve vnurennich del Sklovackoj Respubliki  |c Kristína Králiková, Liudmila Surma 
520 |a Verejná mienka a polícia Slovenskej republiky. Systém prípravy policajtov na vykonávanie profesie. Vzdelávanie na odborných stredných školách. Policajná akadémia v Bratislave - vysokoškolské vzdelávanie budúcich policajtov. Výsledky dotazníkového prieskumu, ktorého cieľom bolo zistiť efektívnosť súčasného vzdelávania policajtov. 
610 2 0 |a vzdelávanie 
610 2 0 |a školy stredné odborné 
610 2 0 |a školy vysoké 
610 2 0 |a polícia 
610 2 0 |a efektívnosť 
610 2 0 |a prieskum 
610 2 0 |a Slovensko 
100 1 |a Králiková, Kristína 
700 1 |a Surma, Liudmila